Údolí poníků. Jednorožec se nebaví s každým! /

Uloženo v:
Série:Údolí poníků, část 2
Hlavní autor: Mattes, Ellie, 1978- (Autor)
Další autoři: Lauber, Larisa, 1976- (Autor), Schaftová, Jesika, 1976- (Ilustrátor)
Médium: Kniha
Jazyk:Czech
Vydáno: Frýdek-Místek : Alpress, 2026
Vydání:Vydání první
Edice:Klokan (Alpress)
Témata:
Celkem bylo vypůjčeno:0x
Příbuzné jednotky:Z cyklu:: Údolí poníků
Tagy:
Žádné tagy
LEADER 01969nam a2200493 i 4500
001 106738
003 CZ PrNK
005 20260703113014.0
007 ta
008 260519s2026 xr a b 000 j cze
015 |a cnb003758761 
020 |a 9788076956858  |q (vázáno) 
040 |a BOA001  |b cze  |e rda 
041 1 |a cze  |h ger 
072 7 |a 821.112.2-3  |x Německá próza, německy psaná  |2 Konspekt  |9 25 
072 7 |a 821-93  |x Literatura pro děti a mládež (beletrie)  |2 Konspekt  |9 26 
080 |a 821.112.2(436)-32  |2 MRF 
080 |a 821-93  |2 MRF 
080 |a (0:82-32)  |2 MRF 
100 1 |a Mattes, Ellie,  |d 1978-  |7 xx0337547  |4 aut  |9 117576 
240 1 0 |a Einhorn spricht nicht mit jedem!.  |l Česky 
245 1 0 |a Údolí poníků.  |p Jednorožec se nebaví s každým! /  |c Ellie Mattes ; obálka a ilustrace Larisa Lauber ; z německého originálu Ponyschule Trippelwick - Ein Einhorn spricht nicht mit jedem! přeložila Jesika Schaft 
246 3 0 |a Jednorožec se nebaví s každým! 
250 |a Vydání první 
264 1 |a Frýdek-Místek :  |b Alpress,  |c 2026 
300 |a 190 stran :  |b barevné ilustrace ;  |c 21 cm 
336 |a text  |b txt  |2 rdacontent 
337 |a bez média  |b n  |2 rdamedia 
338 |a svazek  |b nc  |2 rdacarrier 
490 1 |a Klokan 
655 7 |a rakouské příběhy  |7 fd183189  |2 czenas 
655 7 |a publikace pro děti  |7 fd133156  |2 czenas  |9 23 
655 9 |a Austrian stories  |2 eczenas 
655 9 |a children's literature  |2 eczenas 
700 1 |a Lauber, Larisa,  |d 1976-  |7 xx0236454  |4 ill  |9 117577 
700 1 |a Schaftová, Jesika,  |d 1976-  |7 mzk2003186862  |4 trl  |9 114377 
710 2 |a Alpress (nakladatelství)  |7 xx0213868  |4 pbl  |9 117194 
765 1 |t Ponyschule Trippelwick 
787 0 8 |i Z cyklu:  |t Údolí poníků  |g 2 
830 0 |a Klokan (Alpress) 
910 |a UOG502 
942 |2 ddc  |c KN 
999 |d 106738 
993 |0 0  |1 427120107469  |2 ddc  |4 0  |6 M  |7 0  |9 100254  |b 0  |c 107469  |d 2026-07-03  |e 0  |f M  |g M  |h 299.00  |i Koupě  |l M  |r 2026-07-03  |t 8  |w 2026-07-03  |y KN  |z BELET  |n